Transport Development Areas: the London dimension (Record no. 102571)

MARC details
000 -LEADER
fixed length control field 00891cam a2200241 4500
008 - FIXED-LENGTH DATA ELEMENTS--GENERAL INFORMATION
fixed length control field 020314n2003 000 0 eng u
020 ## - INTERNATIONAL STANDARD BOOK NUMBER
International Standard Book Number 1842191225
035 ## - SYSTEM CONTROL NUMBER
System control number (Sirsi) u120908
041 ## - LANGUAGE CODE
Language code of text/sound track or separate title eng.
050 ## - LIBRARY OF CONGRESS CALL NUMBER
Classification number 711.7
110 ## - MAIN ENTRY--CORPORATE NAME
Corporate name or jurisdiction name as entry element Royal Institution of Chartered Surveyors
Subordinate unit London Region
9 (RLIN) 4175
245 ## - TITLE STATEMENT
Title Transport Development Areas: the London dimension
260 ## - PUBLICATION, DISTRIBUTION, ETC.
Place of publication, distribution, etc. London
Name of publisher, distributor, etc. RICS
Date of publication, distribution, etc. 2003
300 ## - PHYSICAL DESCRIPTION
Extent 46p.
Dimensions 30cm.
520 ## - SUMMARY, ETC.
Summary, etc. This guide to applying the Transport Development Areas (TDA) approach in London serves as a valuable supplement to "Transport development areas: a guide to good practice" (ISBN 1842190911).
650 ## - SUBJECT ADDED ENTRY--TOPICAL TERM
Topical term or geographic name entry element HIGH DENSITY DEVELOPMENT
650 ## - SUBJECT ADDED ENTRY--TOPICAL TERM
Topical term or geographic name entry element TRANSPORT DEVELOPMENT AREAS
650 ## - SUBJECT ADDED ENTRY--TOPICAL TERM
Topical term or geographic name entry element TRANSPORT NODES
650 ## - SUBJECT ADDED ENTRY--TOPICAL TERM
Topical term or geographic name entry element URBAN DEVELOPMENT
690 ## - LOCAL SUBJECT ADDED ENTRY--TOPICAL TERM (OCLC, RLIN)
Topical term or geographic name as entry element DEVELOPMENT
710 ## - ADDED ENTRY--CORPORATE NAME
Corporate name or jurisdiction name as entry element Royal Institution of Chartered Surveyors
9 (RLIN) 4900
942 ## - ADDED ENTRY ELEMENTS (KOHA)
Suppress in OPAC 0
Source of classification or shelving scheme Dewey Decimal Classification
Holdings
Withdrawn status Lost status Source of classification or shelving scheme Damaged status Not for loan Home library Current library Shelving location Date acquired Total Checkouts Full call number Barcode Date last seen Copy number Price effective from Koha item type
    Dewey Decimal Classification     London London RICS Boxes 05/02/2003   RICS 2003/7 30068381 06/08/2019 1 06/08/2019 Archive
    Dewey Decimal Classification     London London RICS Boxes 05/02/2003   RICS 2003/7 30068377 06/08/2019 2 06/08/2019 Reference material
    Dewey Decimal Classification     London London RICS Boxes 05/02/2003   RICS 2003/7 30068373 06/08/2019 3 06/08/2019 Book